[Event "MCRE_CF03"]
[Site "?"]
[Date "2005.??.??"]
[Round "?"]
[White "Cerveny, Libor"]
[Black "Kosar, Zdenek"]
[Result "0-1"]
[WhiteElo "2094"]
[BlackElo "2000"]
[PlyCount "80"]
[EventDate "2005.??.??"]
[EventType "corr"]
[EventRounds "2"]
[SourceDate "2004.06.03"]

1. e4 e5 2. Nf3 Nc6 3. Bc4 Bc5 4. d3 Nf6 5. Nc3 d6 6. Na4 a6 7. Nxc5 dxc5 8. h3
Qd6 9. Be3 b6 10. a3 Be6 11. Bxe6 Qxe6 12. c3 O-O 13. O-O h6 14. b3 Rfd8 15.
Qc2 Rd6 16. Rfd1 Re8 17. Rd2 a5 18. Rad1 Rd7 19. Ne1 g5 20. f3 Red8 21. Bf2 Nh5
22. Be3 Nf4 23. Qb2 a4 24. bxa4 Na5 25. Bxf4 gxf4 26. Qa2 Nb3 27. Re2 c4 28.
Rb1 Qc6 29. dxc4 Nd2 30. Rb4 Qc5+ 31. Kh1 c6 32. Qa1 h5 33. Qa2 Nf1 34. Rbb2
Ng3+ 35. Kh2 Rd1 36. Qb3 Nxe2 37. Rxe2 R1d2 38. Rxd2 Rxd2 39. a5 Qf2 40. Qxb6
Qg3+ 0-1

[Event "MCRE_CF03"]
[Site "?"]
[Date "2005.??.??"]
[Round "?"]
[White "Cerveny, Libor"]
[Black "Muzik, Martin"]
[Result "0-1"]
[WhiteElo "2094"]
[BlackElo "2071"]
[PlyCount "72"]
[EventDate "2005.??.??"]
[EventType "corr"]
[EventRounds "2"]
[SourceDate "2004.06.03"]

1. e4 c5 2. Nf3 Nc6 3. d4 cxd4 4. Nxd4 e5 5. Nb5 d6 6. N1c3 a6 7. Na3 b5 8. Nd5
Nge7 9. Be3 Nxd5 10. exd5 Ne7 11. c4 Nf5 12. Bd2 Be7 13. cxb5 O-O 14. bxa6 e4
15. Be2 Bf6 16. Rb1 Be5 17. Nc4 Bxa6 18. Nxe5 dxe5 19. Bxa6 Rxa6 20. Bb4 Re8
21. a3 Rg6 22. O-O Nh4 23. g3 Qd7 24. f4 exf3 25. Rxf3 Nxf3+ 26. Qxf3 e4 27.
Qc3 Qa7+ 28. Kg2 Rf6 29. Rf1 Rxf1 30. Kxf1 Qa6+ 31. Ke1 Qb6 32. Kf1 e3 33. Ke2
Qa6+ 34. Qd3 Qf6 35. Qc3 Qf2+ 36. Kd3 Qf5+ 0-1

[Event "MCRE_CF03"]
[Site "?"]
[Date "2005.??.??"]
[Round "?"]
[White "Cerveny, Libor"]
[Black "Pauschek, Roman"]
[Result "0-1"]
[WhiteElo "2094"]
[BlackElo "2172"]
[PlyCount "66"]
[EventDate "2005.??.??"]
[EventType "corr"]
[EventRounds "2"]
[SourceDate "2004.06.03"]

1. e4 e5 2. Nf3 Nc6 3. Bc4 Bc5 4. d3 Nf6 5. Nc3 d6 6. Na4 Bb6 7. Nxb6 axb6 8.
Bg5 h6 9. Bh4 Na5 10. Bb3 Qd7 11. c3 Nxb3 12. Qxb3 Nh5 13. O-O Nf4 14. d4 Nxg2
15. Bg3 Qh3 16. Ne1 Nxe1 17. Rfxe1 h5 18. Bxe5 h4 19. Bxd6 Ra5 20. Be5 Qg4+ 21.
Kf1 Qf3 22. Re3 Qh1+ 23. Ke2 Qxa1 24. a3 Bg4+ 25. f3 Bd7 26. Qc2 Rxe5 27. dxe5
Qg1 28. Kd2 Qxh2+ 29. Re2 Qf4+ 30. Ke1 Qg3+ 31. Kd2 h3 32. e6 h2 33. exd7+ Kd8
0-1

[Event "MCRE_CF03"]
[Site "?"]
[Date "2005.??.??"]
[Round "?"]
[White "Cerveny, Libor"]
[Black "Pirhala, Ladislav"]
[Result "0-1"]
[WhiteElo "2094"]
[BlackElo "2092"]
[PlyCount "132"]
[EventDate "2005.??.??"]
[EventType "corr"]
[EventRounds "2"]
[SourceDate "2004.06.03"]

1. e4 e5 2. Nf3 Nc6 3. Bc4 Bc5 4. d3 Nf6 5. Nc3 d6 6. Na4 Bb6 7. Nxb6 axb6 8.
Bg5 h6 9. Bh4 Bg4 10. h3 Bd7 11. a3 Qe7 12. Qd2 Rg8 13. g4 g5 14. Bg3 Na5 15.
Ba2 Be6 16. Bxe6 Qxe6 17. Qc3 O-O-O 18. b4 Nc6 19. a4 h5 20. a5 bxa5 21. b5 Ne7
22. Qxa5 hxg4 23. hxg4 Qxg4 24. Nh2 Qh5 25. b6 Nc6 26. Qa8+ Kd7 27. Qxb7 Ne8
28. bxc7 Nxc7 29. Qb1 Nd4 30. Qd1 Qxd1+ 31. Kxd1 Ra8 32. Kd2 Ncb5 33. Ng4 Rgc8
34. Rxa8 Rxc2+ 35. Kd1 Nc3+ 36. Ke1 Rc1+ 37. Kd2 Nb3+ 38. Ke3 Rxh1 39. Nf6+ Ke6
40. Ng8 f5 41. exf5+ Kxf5 42. Rf8+ Ke6 43. Rf6+ Kd7 44. Rg6 Rd1 45. Nf6+ Ke7
46. Ng8+ Kf8 47. Nh6 Nd4 48. Rxd6 Nc2+ 49. Kf3 Rxd3+ 50. Kg4 Rxd6 51. Bxe5 Rd3
52. Kxg5 Ne4+ 53. Kg6 Nxf2 54. Nf5 Ke8 55. Ng7+ Kd7 56. Nf5 Ne4 57. Bg7 Rf3 58.
Bb2 Ne3 59. Nxe3 Rxe3 60. Kf5 Kc6 61. Kf4 Rb3 62. Ba1 Kd5 63. Bh8 Ng3 64. Ba1
Ne2+ 65. Kf5 Nd4+ 66. Kf4 Rb1 0-1

[Event "MCRE_CF03"]
[Site "?"]
[Date "2005.??.??"]
[Round "?"]
[White "Cerveny, Libor"]
[Black "Stastny, Pavel"]
[Result "1/2-1/2"]
[WhiteElo "2094"]
[BlackElo "2000"]
[PlyCount "109"]
[EventDate "2005.??.??"]
[EventType "corr"]
[EventRounds "2"]
[SourceDate "2004.06.03"]

1. e4 c5 2. Nf3 e6 3. d4 cxd4 4. Nxd4 a6 5. Nc3 Qc7 6. Bd3 Nf6 7. O-O Bc5 8.
Nb3 Be7 9. Be3 d6 10. Nd4 O-O 11. f3 d5 12. exd5 Bc5 13. dxe6 Nc6 14. Nf5 Bxe3+
15. Nxe3 Bxe6 16. Ne4 Nxe4 17. Bxe4 Qb6 18. Qc1 f5 19. Bxc6 bxc6 20. Kh1 f4 21.
Ng4 Rae8 22. Ne5 Bf5 23. Re1 g5 24. c4 Qd4 25. Qd1 Qxd1 26. Raxd1 Rf6 27. Ng4
Rxe1+ 28. Rxe1 Bxg4 29. fxg4 Rd6 30. Kg1 h6 31. Kf2 Kf7 32. Re2 a5 33. Ke1 Rd7
34. Rd2 Rb7 35. Kd1 a4 36. Kc2 Re7 37. Kd3 Kf6 38. Re2 Rd7+ 39. Kc3 c5 40. b4
axb3 41. Kxb3 Rb7+ 42. Kc3 Ra7 43. Kb2 Rb7+ 44. Kc2 Ra7 45. Kb3 Rb7+ 46. Ka4
Rb4+ 47. Ka5 Rxc4 48. Kb5 Rc1 49. a4 c4 50. a5 c3 51. Ra2 Rb1+ 52. Kc4 Rb2 53.
Ra3 c2 54. Rc3 Ra2 55. Kd3 1/2-1/2

[Event "MCRE_CF03"]
[Site "?"]
[Date "2005.??.??"]
[Round "?"]
[White "Cerveny, Libor"]
[Black "Tkac, Leopold"]
[Result "0-1"]
[WhiteElo "2094"]
[BlackElo "2112"]
[PlyCount "100"]
[EventDate "2005.??.??"]
[EventType "corr"]
[EventRounds "2"]
[SourceDate "2004.06.03"]

1. e4 e5 2. Nf3 Nc6 3. Bc4 Bc5 4. d3 Nf6 5. Nc3 d6 6. Be3 Bxe3 7. fxe3 Na5 8.
Bb3 O-O 9. O-O c6 10. Ne2 Nxb3 11. axb3 Ng4 12. Qd2 f5 13. exf5 Bxf5 14. h3 Nh6
15. Rf2 e4 16. Nfd4 exd3 17. cxd3 Bd7 18. Rxf8+ Qxf8 19. Nc3 Qe7 20. e4 a6 21.
Rf1 Re8 22. Kh1 Nf7 23. Nf5 Bxf5 24. Rxf5 Qe6 25. b4 Qb3 26. Ne2 Ne5 27. Nc1
Qe6 28. Ne2 d5 29. Nd4 Qd6 30. Rg5 g6 31. Nf5 Qf6 32. Rg3 Nf7 33. Qc2 dxe4 34.
dxe4 Kh8 35. Ne3 Qd4 36. Qc3 Rxe4 37. Ng4 Kg7 38. Rd3 Qxc3 39. bxc3 h6 40. Nf2
Ne5 41. Nxe4 Nxd3 42. Nd6 b6 43. Nc4 b5 44. Ne3 Kf6 45. Kg1 Ke5 46. Kf1 Ke4 47.
Nd1 h5 48. Kg1 c5 49. bxc5 Nxc5 50. Kf1 Kd3 0-1

[Event "MCRE_CF03"]
[Site "?"]
[Date "2005.??.??"]
[Round "?"]
[White "Kosar, Zdenek"]
[Black "Cerveny, Libor"]
[Result "1-0"]
[WhiteElo "2000"]
[BlackElo "2094"]
[PlyCount "109"]
[EventDate "2005.??.??"]
[EventType "corr"]
[EventRounds "2"]
[SourceDate "2004.06.03"]

1. e4 e6 2. d4 d5 3. e5 c5 4. c3 Nc6 5. Be3 cxd4 6. cxd4 Bb4+ 7. Nd2 Nge7 8. a3
Ba5 9. Bd3 Bd7 10. Qg4 Ng6 11. Ngf3 Nce7 12. O-O a6 13. Nb3 Bb6 14. Rfc1 O-O
15. Bg5 Qe8 16. Nc5 Bc8 17. Nh4 Bd8 18. Rc3 b6 19. Nb3 f5 20. exf6 gxf6 21. Bh6
f5 22. Qh3 Rf6 23. Bg5 Rf7 24. Nf3 Bd7 25. Re1 Nc6 26. Bh6 Ra7 27. Bc2 Bc7 28.
Ng5 Re7 29. g3 Nd8 30. f4 Ba4 31. Rce3 Bd6 32. Bd1 Rac7 33. Kh1 Rc4 34. Nf3 Nf7
35. Bg5 Nxg5 36. Nxg5 Bd7 37. Qf1 Nf8 38. Nf3 Bb5 39. Qg2 Rcc7 40. Be2 Bxe2 41.
R3xe2 Qb5 42. Nc1 Rc8 43. Rd2 Rec7 44. Nd3 Qd7 45. g4 Kh8 46. Ng5 fxg4 47. Qxg4
Qg7 48. Rg1 Rc2 49. Qh5 Ng6 50. Nxe6 Qf6 51. Rxc2 Rxc2 52. Ng5 Qe7 53. Re1 Qg7
54. Re8+ Bf8 55. f5 1-0

[Event "MCRE_CF03"]
[Site "?"]
[Date "2005.??.??"]
[Round "?"]
[White "Kosar, Zdenek"]
[Black "Muzik, Martin"]
[Result "0-1"]
[WhiteElo "2000"]
[BlackElo "2071"]
[PlyCount "114"]
[EventDate "2005.??.??"]
[EventType "corr"]
[EventRounds "2"]
[SourceDate "2004.06.03"]

1. e4 c5 2. Nf3 Nc6 3. d4 cxd4 4. Nxd4 e5 5. Nb5 d6 6. N1c3 a6 7. Na3 b5 8. Nd5
Nge7 9. c3 Nxd5 10. exd5 Ne7 11. Be2 g6 12. O-O Bg7 13. c4 bxc4 14. Nxc4 O-O
15. b3 e4 16. Bg5 h6 17. Bxe7 Qxe7 18. Rc1 a5 19. Qd2 Bf5 20. Qf4 Rfd8 21. Nb6
Ra7 22. Rc6 Qe5 23. Qe3 Qd4 24. g4 Bd7 25. Rxd6 Qxe3 26. fxe3 Be5 27. Rxd7
Rdxd7 28. Nxd7 Rxd7 29. Bc4 Kf8 30. Kg2 f6 31. Rf2 Ke7 32. Bb5 Rd8 33. Bc6 Kd6
34. Rc2 h5 35. gxh5 Rh8 36. Rc4 Rxh5 37. Rxe4 Rxh2+ 38. Kf1 Rxa2 39. Rg4 g5 40.
Rg2 Ra3 41. Ba4 Kxd5 42. Ke2 Ra1 43. Bb5 Kc5 44. Bd7 Kb4 45. Be6 Rb1 46. Rg4+
Kc5 47. Bg8 Kd6 48. Rg2 Bc3 49. Rg4 Ke5 50. Bc4 Rb2+ 51. Kd3 Bb4 52. Re4+ Kf5
53. Kd4 Bc5+ 54. Kd3 Rd2+ 55. Kxd2 Kxe4 56. Ke2 Bxe3 57. Be6 f5 0-1

[Event "MCRE_CF03"]
[Site "?"]
[Date "2005.??.??"]
[Round "?"]
[White "Kosar, Zdenek"]
[Black "Pauschek, Roman"]
[Result "1/2-1/2"]
[WhiteElo "2000"]
[BlackElo "2172"]
[PlyCount "77"]
[EventDate "2005.??.??"]
[EventType "corr"]
[EventRounds "2"]
[SourceDate "2004.06.03"]

1. e4 e5 2. Nf3 Nc6 3. Bb5 a6 4. Ba4 Nf6 5. O-O Be7 6. Re1 b5 7. Bb3 d6 8. c3
O-O 9. h3 Nb8 10. a4 Bb7 11. d3 Nbd7 12. Nbd2 Re8 13. Nf1 Nc5 14. Ng3 Bf8 15.
Bc2 d5 16. exd5 Qxd5 17. axb5 axb5 18. Rxa8 Bxa8 19. Bg5 Ncd7 20. Bb3 Qc6 21.
d4 exd4 22. cxd4 h6 23. Rxe8 Nxe8 24. Bf4 Nd6 25. Nf1 Nc4 26. Qe2 Ndb6 27. Ne3
Qd7 28. Nxc4 bxc4 29. Bc2 Bxf3 30. Qxf3 Qxd4 31. Bxc7 Nd5 32. Qf5 g6 33. Be5
Qd2 34. Qe4 Bc5 35. Bg3 Bd4 36. Qe8+ Kg7 37. Be5+ Nf6 38. Bxd4 Qxd4 39. Qa4
1/2-1/2

[Event "MCRE_CF03"]
[Site "?"]
[Date "2005.??.??"]
[Round "?"]
[White "Kosar, Zdenek"]
[Black "Pirhala, Ladislav"]
[Result "1-0"]
[WhiteElo "2000"]
[BlackElo "2092"]
[PlyCount "51"]
[EventDate "2005.??.??"]
[EventType "corr"]
[EventRounds "2"]
[SourceDate "2004.06.03"]

1. e4 e5 2. Nf3 Nc6 3. Bb5 a6 4. Ba4 Nf6 5. O-O b5 6. Bb3 Bb7 7. c3 Nxe4 8. d4
Na5 9. Bc2 exd4 10. Nxd4 Ng5 11. a4 c5 12. Re1+ Ne6 13. Nf5 Bc6 14. axb5 axb5
15. Qg4 g6 16. Nh6 Be7 17. f4 Qc7 18. f5 gxf5 19. Qxf5 O-O-O 20. Nd2 Bd6 21.
Nf3 Rde8 22. Nxf7 Rhg8 23. Re2 Bf4 24. Bxf4 Nxf4 25. Rxe8+ Rxe8 26. Qf6 1-0

[Event "MCRE_CF03"]
[Site "?"]
[Date "2005.??.??"]
[Round "?"]
[White "Kosar, Zdenek"]
[Black "Stastny, Pavel"]
[Result "1-0"]
[WhiteElo "2000"]
[BlackElo "2000"]
[PlyCount "85"]
[EventDate "2005.??.??"]
[EventType "corr"]
[EventRounds "2"]
[SourceDate "2004.06.03"]

1. e4 c5 2. Nf3 e6 3. d4 cxd4 4. Nxd4 a6 5. c4 Nf6 6. Nc3 Qc7 7. Be2 Bb4 8. O-O
Bxc3 9. bxc3 Nxe4 10. Bf3 Nc5 11. Nb3 O-O 12. Nxc5 Qxc5 13. Qb3 Qc7 14. Ba3 d6
15. Rfd1 Rd8 16. Rab1 Nc6 17. Qb6 Qxb6 18. Rxb6 Ne5 19. Be2 d5 20. f4 Nd7 21.
Rb2 b5 22. cxd5 Nb6 23. d6 Bd7 24. Rd4 Rdc8 25. c4 Nxc4 26. Bxc4 bxc4 27. Rb7
Bc6 28. Re7 Bd5 29. Kf2 g6 30. Rd1 Rd8 31. g4 Kg7 32. Ke3 Rab8 33. Rc7 Rbc8 34.
g5 c3 35. Rc1 Rxc7 36. dxc7 Rc8 37. Bd6 Bxa2 38. Rxc3 Bd5 39. Kd4 f6 40. Kc5 a5
41. Rc2 Bb3 42. Rb2 a4 43. Kc6 1-0

[Event "MCRE_CF03"]
[Site "?"]
[Date "2005.??.??"]
[Round "?"]
[White "Kosar, Zdenek"]
[Black "Tkac, Leopold"]
[Result "1/2-1/2"]
[WhiteElo "2000"]
[BlackElo "2112"]
[PlyCount "56"]
[EventDate "2005.??.??"]
[EventType "corr"]
[EventRounds "2"]
[SourceDate "2004.06.03"]

1. e4 e5 2. Nf3 Nc6 3. Bb5 a6 4. Ba4 Nf6 5. O-O Be7 6. Qe2 b5 7. Bb3 O-O 8. c3
d6 9. Rd1 Na5 10. Bc2 c5 11. d3 Be6 12. d4 cxd4 13. cxd4 Qc7 14. d5 Bg4 15. Bd3
Nxe4 16. Qxe4 f5 17. Qe3 e4 18. Bd2 Nb7 19. Rc1 Qd7 20. Nd4 exd3 21. f3 f4 22.
Qf2 Bf5 23. Bxf4 Rae8 24. b4 Bf6 25. Bd2 Qf7 26. Nc3 Bd7 27. Re1 Be5 28. Rac1
Nd8 1/2-1/2

[Event "MCRE_CF03"]
[Site "?"]
[Date "2005.??.??"]
[Round "?"]
[White "Muzik, Martin"]
[Black "Cerveny, Libor"]
[Result "1-0"]
[WhiteElo "2071"]
[BlackElo "2094"]
[PlyCount "61"]
[EventDate "2005.??.??"]
[EventType "corr"]
[EventRounds "2"]
[SourceDate "2004.06.03"]

1. e4 e6 2. Nf3 d5 3. e5 c5 4. b4 cxb4 5. a3 bxa3 6. c3 Bd7 7. d4 Nc6 8. Bd3
Rc8 9. O-O Nge7 10. Bxa3 g6 11. Nbd2 Bg7 12. Qe2 O-O 13. Rfb1 b6 14. Ba6 Ra8
15. Nf1 Bc8 16. Bb5 Bb7 17. Ne3 Re8 18. Bd6 Nc8 19. Bb4 Qc7 20. Ng4 Rd8 21. Qe3
a6 22. Bd3 Nxb4 23. cxb4 Qe7 24. Qf4 Qf8 25. Rc1 Rd7 26. Nf6+ Bxf6 27. exf6 Nd6
28. Ne5 Rdd8 29. Rc7 Rac8 30. Re7 Kh8 31. Bxg6 1-0

[Event "MCRE_CF03"]
[Site "?"]
[Date "2005.??.??"]
[Round "?"]
[White "Muzik, Martin"]
[Black "Kosar, Zdenek"]
[Result "0-1"]
[WhiteElo "2071"]
[BlackElo "2000"]
[PlyCount "90"]
[EventDate "2005.??.??"]
[EventType "corr"]
[EventRounds "2"]
[SourceDate "2004.06.03"]

1. e4 c5 2. Nc3 d6 3. f4 Nc6 4. Nf3 g6 5. Bc4 Bg7 6. O-O Nf6 7. d3 O-O 8. Qe1
e6 9. e5 Ne8 10. Kh1 b6 11. Qg3 Ne7 12. Qh3 Nf5 13. Re1 Bb7 14. Bb3 Bxf3 15.
Qxf3 d5 16. Ne2 b5 17. c4 Nc7 18. g4 Nh4 19. Qg3 bxc4 20. dxc4 d4 21. Bd2 Na6
22. Nc1 Rb8 23. Rf1 Nb4 24. f5 exf5 25. gxf5 Rb6 26. f6 Bxf6 27. exf6 Rxf6 28.
Kg1 d3 29. Rf2 Nf5 30. Qe5 Re8 31. Qxc5 Nc2 32. Bxc2 dxc2 33. Nb3 Re4 34. Kh1
Rd6 35. Qxa7 Qc8 36. Rg1 Re7 37. Qc5 Qb7+ 38. Rfg2 Re2 39. Qb4 Qa8 40. Qa5 Qc6
41. Qb5 Rxg2 42. Qxc6 Rxg1+ 43. Kxg1 Rxc6 44. c5 Ng7 45. Kf2 Ne6 0-1

[Event "MCRE_CF03"]
[Site "?"]
[Date "2005.??.??"]
[Round "?"]
[White "Muzik, Martin"]
[Black "Pauschek, Roman"]
[Result "1/2-1/2"]
[WhiteElo "2071"]
[BlackElo "2172"]
[PlyCount "71"]
[EventDate "2005.??.??"]
[EventType "corr"]
[EventRounds "2"]
[SourceDate "2004.06.03"]

1. e4 e5 2. Nf3 Nc6 3. Bc4 Bc5 4. b4 Bxb4 5. c3 Be7 6. d4 Na5 7. Be2 exd4 8.
Qxd4 d5 9. exd5 Nf6 10. c4 O-O 11. O-O Re8 12. Nc3 b6 13. Bb2 c5 14. Qd3 Nh5
15. g3 Nf6 16. Rfe1 Ba6 17. Nd2 Bd6 18. f4 h6 19. Bf3 Qd7 20. a4 Rxe1+ 21. Rxe1
Re8 22. Rxe8+ Nxe8 23. Bd1 Bf8 24. Nb5 Bc8 25. Bc2 g6 26. Qe2 a6 27. Na3 Qd8
28. Nf3 Bg7 29. Bxg7 Kxg7 30. Qe5+ f6 31. Qb8 Qc7 32. Qxc7+ Nxc7 33. Kf2 g5 34.
fxg5 fxg5 35. Nd2 Ne8 36. Ne4 1/2-1/2

[Event "MCRE_CF03"]
[Site "?"]
[Date "2005.??.??"]
[Round "?"]
[White "Muzik, Martin"]
[Black "Pirhala, Ladislav"]
[Result "1-0"]
[WhiteElo "2071"]
[BlackElo "2092"]
[PlyCount "129"]
[EventDate "2005.??.??"]
[EventType "corr"]
[EventRounds "2"]
[SourceDate "2004.06.03"]

1. e4 e5 2. Nf3 Nc6 3. Bc4 Nf6 4. d3 Be7 5. O-O O-O 6. Re1 d6 7. a4 Na5 8. Ba2
c5 9. Nc3 Be6 10. Nd5 b6 11. Ng5 Bxd5 12. exd5 h6 13. Nf3 Re8 14. c3 Qc8 15. b4
Nb7 16. Bc4 a6 17. Be3 Qd7 18. Qb1 Rec8 19. Nd2 Qc7 20. Qb3 Ng4 21. bxc5 bxc5
22. Qd1 Qd7 23. a5 Bd8 24. Nb3 Qf5 25. Qe2 Bg5 26. Bxg5 Qxg5 27. Nd2 Rcb8 28.
Ra2 Qh5 29. h3 Nf6 30. Qxh5 Nxh5 31. Rb1 Nd8 32. Rxb8 Rxb8 33. Ne4 Kf8 34. Nxd6
Nf6 35. Ne4 Nxe4 36. dxe4 Ke7 37. Bxa6 Ra8 38. Be2 Nb7 39. a6 Nd6 40. f3 Kd7
41. Kf2 Kc7 42. Ke3 Kb6 43. f4 exf4+ 44. Kxf4 f6 45. h4 g5+ 46. hxg5 hxg5+ 47.
Ke3 Ka7 48. Ra5 Rc8 49. Kd3 Rc7 50. Bg4 Kb6 51. Ra1 Rh7 52. Bf5 Ra7 53. Rf1
Rxa6 54. Bg6 c4+ 55. Kd4 Kc7 56. Rxf6 Nb5+ 57. Ke5 Rxf6 58. Kxf6 Kd6 59. e5+
Kxd5 60. e6 Nc7 61. e7 g4 62. g3 Kd6 63. e8=Q Nxe8+ 64. Bxe8 Kd5 65. Kf5 1-0

[Event "MCRE_CF03"]
[Site "?"]
[Date "2005.??.??"]
[Round "?"]
[White "Muzik, Martin"]
[Black "Stastny, Pavel"]
[Result "1/2-1/2"]
[WhiteElo "2071"]
[BlackElo "2000"]
[PlyCount "52"]
[EventDate "2005.??.??"]
[EventType "corr"]
[EventRounds "2"]
[SourceDate "2004.06.03"]

1. e4 c5 2. Nc3 Nc6 3. f4 g6 4. Nf3 Bg7 5. Bc4 e6 6. O-O Nge7 7. Qe1 O-O 8. d3
d5 9. Bb3 Nd4 10. Nxd4 cxd4 11. Nd1 a5 12. a4 dxe4 13. dxe4 b6 14. c3 Ba6 15.
Rf3 Rc8 16. e5 Nf5 17. Nf2 Bb7 18. Rd3 Qd7 19. cxd4 Nxd4 20. Be3 Qc6 21. Qf1
Nf5 22. Rc1 Nxe3 23. Rxc6 Nxf1 24. Rxb6 Rb8 25. Bc4 Bd5 26. Rxb8 Bxc4 1/2-1/2

[Event "MCRE_CF03"]
[Site "?"]
[Date "2005.??.??"]
[Round "?"]
[White "Muzik, Martin"]
[Black "Tkac, Leopold"]
[Result "1-0"]
[WhiteElo "2092"]
[BlackElo "2112"]
[PlyCount "121"]
[EventDate "2005.??.??"]
[EventType "corr"]
[EventRounds "2"]
[SourceDate "2004.06.03"]

1. e4 e5 2. Nf3 Nf6 3. Nc3 Nc6 4. Bb5 Bb4 5. O-O O-O 6. d3 d6 7. Bg5 Bxc3 8.
bxc3 Qe7 9. Re1 Nd8 10. d4 Bg4 11. h3 Bh5 12. Bh4 Ne6 13. g4 Bg6 14. dxe5 dxe5
15. Nxe5 Qc5 16. Nxg6 hxg6 17. Rb1 c6 18. Bf1 b6 19. Qf3 Qe5 20. Bg3 Qa5 21.
Bd6 Rfe8 22. e5 Nd5 23. c4 Ndf4 24. a3 g5 25. Qxc6 Qc3 26. Re3 Qxc2 27. Qe4 Qa4
28. Rb4 Qd1 29. Qb1 Qd2 30. a4 Nd4 31. a5 Nfe2+ 32. Bxe2 Nxe2+ 33. Kh2 Nf4 34.
Rb2 Qd4 35. Qc2 bxa5 36. Re4 Qd3 37. Qxd3 Nxd3 38. Rd2 Nb4 39. Kg3 Re6 40. f4
gxf4+ 41. Kxf4 Rae8 42. g5 Nc6 43. Kf5 g6+ 44. Kf4 Kg7 45. Re3 Rh8 46. Ke4 Rh4+
47. Kd5 Nb4+ 48. Kc5 Re8 49. Rc3 Rc8+ 50. Kb5 Re4 51. Kxa5 Nc6+ 52. Ka6 Nxe5
53. Rd4 Rc6+ 54. Kxa7 Re1 55. Bxe5+ Rxe5 56. Kb7 Rec5 57. Rd7 Rc8 58. Rf3 Rf8
59. Rc7 Rxg5 60. c5 Rg1 61. Rd7 1-0

[Event "MCRE_CF03"]
[Site "?"]
[Date "2005.??.??"]
[Round "?"]
[White "Pauschek, Roman"]
[Black "Cerveny, Libor"]
[Result "1-0"]
[WhiteElo "2172"]
[BlackElo "2094"]
[PlyCount "65"]
[EventDate "2005.??.??"]
[EventType "corr"]
[EventRounds "2"]
[SourceDate "2004.06.03"]

1. d4 d5 2. c4 c6 3. Nc3 dxc4 4. a4 e5 5. dxe5 Qxd1+ 6. Kxd1 Na6 7. e4 Be6 8.
f4 O-O-O+ 9. Ke2 f5 10. Nf3 fxe4 11. Ng5 Bg4+ 12. Kf2 Bc5+ 13. Kg3 Nh6 14. Bxc4
e3 15. h3 Bf5 16. Bxa6 bxa6 17. Kf3 Kd7 18. g4 Bc2 19. Bxe3 Bb6 20. a5 Bxe3 21.
Kxe3 Bb3 22. Nce4 Ke7 23. Rac1 Bd5 24. Nf2 Rhf8 25. Rh2 Rb8 26. Nd3 Ke8 27.
Rhc2 Nf7 28. Rxc6 Bxc6 29. Rxc6 Rxb2 30. Rc7 Ra2 31. Ne6 Rxa5 32. Nxf8 Kd8 33.
Ne6+ 1-0

[Event "MCRE_CF03"]
[Site "?"]
[Date "2005.??.??"]
[Round "?"]
[White "Pauschek, Roman"]
[Black "Kosar, Zdenek"]
[Result "0-1"]
[WhiteElo "2172"]
[BlackElo "2000"]
[PlyCount "100"]
[EventDate "2005.??.??"]
[EventType "corr"]
[EventRounds "2"]
[SourceDate "2004.06.03"]

1. e4 e5 2. Nf3 Nc6 3. Bb5 g6 4. O-O Nge7 5. c3 a6 6. Ba4 Bg7 7. d4 exd4 8.
cxd4 b5 9. Bb3 d6 10. Nc3 Na5 11. Bg5 h6 12. Bxe7 Qxe7 13. Nd5 Qd8 14. Rc1 c6
15. Nb4 Bb7 16. Re1 O-O 17. Nd3 Rc8 18. Re3 c5 19. dxc5 dxc5 20. Rxc5 Rxc5 21.
Nxc5 Qxd1+ 22. Bxd1 Rd8 23. Bc2 Bxb2 24. Nxb7 Nxb7 25. Bb3 Nc5 26. h4 Kg7 27.
Kf1 a5 28. Re2 Bc3 29. Re3 b4 30. Bc2 Bb2 31. Re2 a4 32. h5 g5 33. Rd2 Rc8 34.
Ke2 Bc3 35. Rd1 b3 36. axb3 axb3 37. Bb1 Na4 38. Ke3 Ba5 39. Nd4 Nc3 40. Rf1 b2
41. Ne2 Nb5 42. Rd1 Na3 43. Ba2 Bb6+ 44. Kf3 Rc2 45. g4 Nc4 46. Bxc4 Rxc4 47.
Rb1 Rc2 48. Rd1 Rd2 49. Re1 Kf6 50. e5+ Ke6 0-1

[Event "MCRE_CF03"]
[Site "?"]
[Date "2005.??.??"]
[Round "?"]
[White "Pauschek, Roman"]
[Black "Muzik, Martin"]
[Result "1/2-1/2"]
[WhiteElo "2172"]
[BlackElo "2071"]
[PlyCount "76"]
[EventDate "2005.??.??"]
[EventType "corr"]
[EventRounds "2"]
[SourceDate "2004.06.03"]

1. d4 d5 2. c4 Nc6 3. Nc3 dxc4 4. Nf3 Nf6 5. e4 Bg4 6. Be3 e6 7. Bxc4 Bb4 8.
Qc2 O-O 9. Rd1 Qe7 10. Be2 e5 11. d5 Nd4 12. Nxd4 exd4 13. Rxd4 Bxe2 14. Kxe2
Ng4 15. Nd1 Rad8 16. Rc4 c6 17. a3 Bd6 18. dxc6 Ne5 19. Rc3 Nxc6 20. f4 Rfe8
21. e5 Bb8 22. Kf2 f6 23. Qb3+ Kh8 24. e6 Nd4 25. Bxd4 Rxd4 26. g3 Rd2+ 27. Kf3
g5 28. Ne3 b5 29. Qxb5 Qxe6 30. Qf5 Qf7 31. Re1 gxf4 32. Nf1 Rxe1 33. Rc8+ Kg7
34. Qg4+ Qg6 35. Qxg6+ hxg6 36. Nxd2 Re3+ 37. Kf2 Be5 38. gxf4 Bxf4 1/2-1/2

[Event "MCRE_CF03"]
[Site "?"]
[Date "2005.??.??"]
[Round "?"]
[White "Pauschek, Roman"]
[Black "Pirhala, Ladislav"]
[Result "1/2-1/2"]
[WhiteElo "2172"]
[BlackElo "2092"]
[PlyCount "107"]
[EventDate "2005.??.??"]
[EventType "corr"]
[EventRounds "2"]
[SourceDate "2004.06.03"]

1. d4 Nf6 2. c4 e6 3. Nc3 Bb4 4. Qc2 d5 5. cxd5 exd5 6. Bg5 Bxc3+ 7. Qxc3 c6 8.
e3 Ne4 9. Bxd8 Nxc3 10. Bf6 gxf6 11. bxc3 Rg8 12. Ne2 h6 13. Ng3 b6 14. a4 Ba6
15. f3 Bxf1 16. Kxf1 Na6 17. Nf5 h5 18. Kf2 Nc7 19. Rhe1 Kd7 20. e4 b5 21. exd5
Nxd5 22. axb5 cxb5 23. Ra6 Rgd8 24. Rc1 h4 25. h3 Kc7 26. Nxh4 Kb7 27. Rca1
Nxc3 28. Nf5 b4 29. Ke3 Rd7 30. Kd3 Kc8 31. g4 Rc7 32. Rxf6 b3 33. Nd6+ Kd8 34.
Re1 b2 35. Nxf7+ Kc8 36. Nd6+ Kd7 37. Rf7+ Kxd6 38. Rxc7 b1=Q+ 39. Rxb1 Nxb1
40. Rb7 Na3 41. h4 Kc6 42. Rg7 Nb5 43. h5 a5 44. h6 a4 45. h7 Rh8 46. Rg6+ Kd7
47. Rh6 a3 48. Kc4 a2 49. Ra6 Nc7 50. Rxa2 Rxh7 51. f4 Rh1 52. Rf2 Rg1 53. g5
Kd6 54. Kd3 1/2-1/2

[Event "MCRE_CF03"]
[Site "?"]
[Date "2005.??.??"]
[Round "?"]
[White "Pauschek, Roman"]
[Black "Stastny, Pavel"]
[Result "1-0"]
[WhiteElo "2172"]
[BlackElo "2000"]
[PlyCount "79"]
[EventDate "2005.??.??"]
[EventType "corr"]
[EventRounds "2"]
[SourceDate "2004.06.03"]

1. e4 c5 2. Nf3 e6 3. d4 cxd4 4. Nxd4 a6 5. Bd3 Bc5 6. Nb3 Be7 7. Be3 d6 8. O-O
Nf6 9. f4 O-O 10. Qf3 Nc6 11. Nc3 Qc7 12. Rae1 Nb4 13. Qg3 e5 14. f5 Kh8 15. a3
Nxd3 16. cxd3 Bd7 17. Rc1 Qd8 18. Nd2 Bc6 19. d4 exd4 20. Bxd4 Re8 21. Nc4 Bf8
22. Rcd1 Bxe4 23. Bxf6 Qxf6 24. Nxd6 Bc6 25. Nxe8 Bc5+ 26. Kh1 Rxe8 27. b4 Bd4
28. Rfe1 Be5 29. Qh3 Qe7 30. Nd5 Qg5 31. Nb6 Kg8 32. Nd7 f6 33. Nc5 g6 34. fxg6
Qxg6 35. Nd7 Kh8 36. Nxe5 fxe5 37. Rd2 Qf6 38. Kg1 e4 39. Qe3 Qe5 40. Red1 1-0

[Event "MCRE_CF03"]
[Site "?"]
[Date "2005.??.??"]
[Round "?"]
[White "Pauschek, Roman"]
[Black "Tkac, Leopold"]
[Result "1-0"]
[WhiteElo "2172"]
[BlackElo "2112"]
[PlyCount "49"]
[EventDate "2005.??.??"]
[EventType "corr"]
[EventRounds "2"]
[SourceDate "2004.06.03"]

1. d4 Nf6 2. c4 c5 3. d5 d6 4. Nc3 e5 5. e4 Be7 6. g3 O-O 7. Bg2 Na6 8. Nge2
Nc7 9. O-O a6 10. a4 b6 11. f4 exf4 12. gxf4 Ng4 13. e5 Bh4 14. Ne4 Ne8 15. h3
Nh6 16. a5 b5 17. b4 cxb4 18. c5 dxc5 19. Be3 c4 20. Bb6 Qe7 21. d6 Nxd6 22.
exd6 Qe8 23. Nc5 Bf5 24. Kh2 b3 25. d7 1-0

[Event "MCRE_CF03"]
[Site "?"]
[Date "2005.??.??"]
[Round "?"]
[White "Pirhala, Ladislav"]
[Black "Cerveny, Libor"]
[Result "1-0"]
[WhiteElo "2092"]
[BlackElo "2094"]
[PlyCount "66"]
[EventDate "2005.??.??"]
[EventType "corr"]
[EventRounds "2"]
[SourceDate "2004.06.03"]

1. e4 e6 2. d4 d5 3. Nd2 c5 4. Ngf3 Nc6 5. exd5 exd5 6. Bb5 a6 7. Bxc6+ bxc6 8.
O-O Be6 9. Re1 Be7 10. dxc5 Bxc5 11. Nb3 Be7 12. Nfd4 Bd7 13. Bg5 Kf8 14. Bxe7+
Nxe7 15. Nc5 Ra7 16. Qf3 Qc8 17. Qa3 Bf5 18. Re3 f6 19. Ncb3 Kf7 20. Qc5 Rc7
21. Rae1 Ng6 22. c4 Qd7 23. Qb6 Bg4 24. h3 Bh5 25. Nc5 Qc8 26. Nf5 Rd8 27. Re8
Ne5 28. Nd6+ Rxd6 29. Rxc8 Rxc8 30. Qb7+ Kf8 31. Qxc8+ Be8 32. Qc7 Rd7 33.
Nxd7+ Bxd7 1-0